"Geheimnis um eine Hymne"
| Titel: | "Geheimnis um eine Hymne" : Ein Grafschafter schuf (arrangierte) die Melodie der japanischen Nationalhymne: Franz Eckert, Königlich Preußischer Musikdirektor |
|---|---|
| Verfasser: | |
| In: |
Grofschoaftersch Häämtebärnla, Band 43 (1991), Seite 113-117 alle Artikel anzeigen |
| Veröffentlicht: | 1991 |
| Format: | Aufsatz |
| Sprache: | Deutsch |
X
alg: 39460178 001A $01999:12-11-16 001B $01999:30-05-21 $t14:36:38.000 001D $01999:12-11-16 001U $0utf8 001X $00 002@ $0Aox 003@ $0394601785 007A $0394601785 $aHEB 007T $0Herdww016967 010@ $ager 011@ $a1991 021A $a"@Geheimnis um eine Hymne" $dEin Grafschafter schuf (arrangierte) die Melodie der japanischen Nationalhymne: Franz Eckert, Königlich Preußischer Musikdirektor 028A $aCieslik $dHubert 031A $d43 $h113-117 $j1991 039B $aIn $8--Abvc--. Grofschoaftersch Häämtebärnla. - Lüdenscheid : Zentralstelle Grafschaft Glatz/Schlesien e.V., 1956-[2019] $x199100000430000887 $9047864346 045F $a929.094385 $eDDC23BSB 045F/01 $a929 045F/03 $g4385 045T $a7,41 $a8,1 lok: 39460178 78 exp: 39460178 78 1 #EPN 201B/01 $025-02-18 $t22:23:01.000 201U/01 $0utf8 203@/01 $0790712229 208@/01 $a12-11-16 $be 209A/01 $a/ $f000 $x00 220C/01 $aTitelaufnehmer: MP 220C/01 $aHerkunft: IH UWr 244Z/01 $2Trx $#Silesia $#Śląsk $#Sliezsko $#Slezsko $8--Trx--Schlesien $x01 $9391173987 244Z/01 $#Kladsko $75058463-7 $8--Tg1--Kłodzko $x02 $9044730225 244Z/01 $2Trx $8--Trx--Eckert, Franz$Z1852-1916 $x03 $9391110616 244Z/01 $2Trx $#muusika $#muzika bendras $#music $#zene általános $#muzyka ogólnie $#hudba $#hudba $8--Trx--Musik$gallgemein $x04 $9391358979 244Z/01 $2Trx $8--Trx--Zeitschriftenaufsatz $x05 $9391384341 245Z/01 $a12.03 $x01 247C/01 $82080>Marburg/Lahn, Herder-Institut, Forschungsbibliothek, Bibliographieportal $9336309341
| LEADER | 00000caa a22000002c 4500 | ||
|---|---|---|---|
| 001 | 394601785 | ||
| 003 | DE-603 | ||
| 005 | 20210530143638.0 | ||
| 007 | tu | ||
| 008 | 161112s1991 xx |||| | u00||u|ger c | ||
| 035 | |a (DE-599)HEB394601785 | ||
| 040 | |a DE-603 |b ger |c DE-603 |d DE-603 | ||
| 041 | |a ger | ||
| 082 | 0 | 4 | |8 1\u |a 929.094385 |q DE-101 |2 23/BSB |
| 084 | |a 7,41 |a 8,1 |2 ssgn | ||
| 085 | |8 1\u |b 929 | ||
| 085 | |8 1\u |z 2 |s 4385 | ||
| 100 | 1 | |a Cieslik, Hubert | |
| 245 | 0 | 0 | |a "Geheimnis um eine Hymne" |b Ein Grafschafter schuf (arrangierte) die Melodie der japanischen Nationalhymne: Franz Eckert, Königlich Preußischer Musikdirektor |
| 264 | 0 | |c 1991 | |
| 773 | 0 | 8 | |i In |t Grofschoaftersch Häämtebärnla |d Lüdenscheid : Zentralstelle Grafschaft Glatz/Schlesien e.V., 1956-[2019] |g Band 43 (1991), Seite 113-117 |w (DE-603)047864346 |w (DE-600)558553-3 |
| 924 | 0 | |9 2080 |a (DE-603)790712229 |b DE-2080 |c HES |d d |g / | |


